书目信息 |
| 题名: |
楼兰啊, 楼兰
|
|
| 作者: | 高洪雷, 著 | |
| 分册: | ||
| 出版信息: | 北京 人民文学出版社 2018.01 |
|
| 页数: | 288页 | |
| 开本: | 24cm | |
| 丛书名: | ||
| 单 册: | ||
| 中图分类: | K294.5 | |
| 科图分类: | ||
| 主题词: | ||
| 电子资源: | ||
| ISBN: | 978-7-02-013533-2 | |
| 000 | 01095nam0 2200265 450 | |
| 001 | CAL 0120182385197 | |
| 005 | 20180123140249.4 | |
| 010 | @a978-7-02-013533-2@dCNY45.00 | |
| 100 | @a20180123d2018 em y0chiy50 ea | |
| 101 | 0 | @achi |
| 102 | @aCN@b110000 | |
| 105 | @aa a 000yy | |
| 106 | @ar | |
| 200 | 1 | @a楼兰啊, 楼兰@Alou lan a , lou lan@f高洪雷著@Fgao hong lei zhu |
| 210 | @a北京@c人民文学出版社@d2018.01 | |
| 215 | @a288页@c图@d24cm | |
| 314 | @a高洪雷, 中国作家协会会员等职。 | |
| 320 | @a有书目 (第276-286页) | |
| 330 | @a本书通过对《异域志》《吐火罗考》《流沙坠简》《斯文·赫定在楼兰所得的中国文物与其他发现》《楼兰汉文简纸文书集成》《汉书·西域传》等一百余部中外古籍的研究、甄别与整理, 还原古代丝绸之路上的古国 —— 楼兰 (后名鄯善) 兴起、发展、迁徙、衰亡、消失的过程, 既阐明楼兰在丝路南道文明传承中的重大作用, 又通过对楼兰消失、周边地区环境恶化, 特别是罗布泊干涸的反思。 | |
| 586 | @a | |
| 607 | @a楼兰@Alou lan@x地方史 | |
| 690 | @aK294.5@v5 | |
| 701 | 0 | @a高洪雷,@Agao hong lei@f1964-@4著 |
| 801 | 0 | @aCN@c20180123 |
| 905 | @a河南城建学院图书馆@dK294.5@eG133@f2 | |
| 楼兰啊, 楼兰/高洪雷著.-北京:人民文学出版社,2018.01 |
| 288页:图;24cm |
| ISBN 978-7-02-013533-2:CNY45.00 |
| 本书通过对《异域志》《吐火罗考》《流沙坠简》《斯文·赫定在楼兰所得的中国文物与其他发现》《楼兰汉文简纸文书集成》《汉书·西域传》等一百余部中外古籍的研究、甄别与整理, 还原古代丝绸之路上的古国 —— 楼兰 (后名鄯善) 兴起、发展、迁徙、衰亡、消失的过程, 既阐明楼兰在丝路南道文明传承中的重大作用, 又通过对楼兰消失、周边地区环境恶化, 特别是罗布泊干涸的反思。 |
| ● |
| 相关链接 |
|
|
|
正题名:楼兰啊, 楼兰
索取号:K294.5/G133
 
预约/预借
| 序号 | 登录号 | 条形码 | 馆藏地/架位号 | 状态 | 备注 |
| 1 | 1416635 | 214166356 | 社科库309/309社科库 38排5列6层/ [索取号:K294.5/G133] | 在馆 | |
| 2 | 1416636 | 214166365 | 社科库309/309社科库 38排5列6层/ [索取号:K294.5/G133] | 在馆 |